Recent Developments in Transport Economics : (Record no. 621689)

MARC details
000 -LEADER
fixed length control field 00534nam a2200193 a 4500
008 - FIXED-LENGTH DATA ELEMENTS--GENERAL INFORMATION
fixed length control field 260430s2003##################000#0#eng##
020 ## - INTERNATIONAL STANDARD BOOK NUMBER
ISBN 9781840649116
082 04 - DEWEY DECIMAL CLASSIFICATION NUMBER
Classification number 388
Item number BUT
100 1# - MAIN ENTRY--AUTHOR NAME
Personal name Button, Kenneth John,
245 10 - TITLE STATEMENT
Title Recent Developments in Transport Economics :
260 ## - PUBLICATION, DISTRIBUTION, ETC. (IMPRINT)
Name of publisher Edward Elgar Publishing,
Year of publication 2003.
300 ## - PHYSICAL DESCRIPTION
Number of Pages 760 pages
650 #0 - SUBJECT ADDED ENTRY--TOPICAL TERM
Topical Term Business & Economics.
942 ## - ADDED ENTRY ELEMENTS (KOHA)
Koha item type English Books
Holdings
Withdrawn status Lost status Damaged status Not for loan Home library Current library Shelving location Date acquired Full call number Accession Number Price effective from Koha item type
        Anna Centenary Library Anna Centenary Library 4TH FLOOR, B WING 30.04.2026 388 BUT 342541 30.04.2026 English Books

Find us on the map